书目信息 |
| 题名: |
中国史学史研究
|
|
| 作者: | 瞿林东 编 | |
| 分册: | ||
| 出版信息: | 武汉 湖北教育出版社 2006 |
|
| 页数: | 575页 | |
| 开本: | 21cm | |
| 丛书名: | 20世纪中国学术文存 | |
| 单 册: | ||
| 中图分类: | K092-53 | |
| 科图分类: | ||
| 主题词: | 史学史--中国--文集 , 史学史 | |
| 电子资源: | ||
| ISBN: | 7-5351-4541-8 | |
| 000 | 00812oam2 2200253 450 | |
| 001 | 1240744786 | |
| 005 | 20121007111929.14 | |
| 010 | @a7-5351-4541-8@dCNY30.00 | |
| 100 | @a20060531d2006 em y0chiy50 ea | |
| 101 | 0 | @achi |
| 102 | @aCN@b420000 | |
| 105 | @ay z 001yy | |
| 200 | 1 | @a中国史学史研究@Azhong guo shi xue shi yan jiu@f瞿林东编 |
| 210 | @a武汉@c湖北教育出版社@d2006 | |
| 215 | @a575页@d21cm | |
| 225 | 2 | @a20世纪中国学术文存 |
| 330 | @a本书包括总论、通论、分论三大部分,其中包括“中国之旧史”、“中国史学之发展”、“现代史学的研究及于人生态度的影响”等。 | |
| 461 | 0 | @12001 @a20世纪中国学术文存 |
| 606 | 0 | @a史学史@y中国@j文集 |
| 606 | 0 | @a史学史 |
| 690 | @aK092-53@v4 | |
| 701 | 0 | @a瞿林东@Aqu lin dong@f(1937.12~)@4编 |
| 801 | 0 | @aCN@bNLC@c20101222 |
| 905 | @a10447@dK092-53@eJY23 | |
| 中国史学史研究/瞿林东编.-武汉:湖北教育出版社,2006 |
| 575页;21cm.-(20世纪中国学术文存) |
| ISBN 7-5351-4541-8:CNY30.00 |
| 本书包括总论、通论、分论三大部分,其中包括“中国之旧史”、“中国史学之发展”、“现代史学的研究及于人生态度的影响”等。 |
| ● |
| 相关链接 |
|
|
|
|
正题名:中国史学史研究
索取号:K092-53/JY23
 
预约/预借
| 序号 | 登录号 | 条形码 | 馆藏地/架位号 | 状态 | 备注 |
| 1 | 7830968 | 278309689 | 学院路分馆/ [索取号:K092-53/JY23] | 在馆 | |
| 2 | 7830969 | 278309698 | 学院路分馆/ [索取号:K092-53/JY23] | 在馆 |